000 00733nam a2200289Ia 4500
005 20260121125340.0
008 008 260114s9999 xx 000 0 eng d
020 _a9781503605978
037 _aEBOOK
040 _aCRL
040 _beng
040 _cCRL
041 _2eng
041 _aeng
084 _qCRL
100 _aKoselleck, ReinhartHoffmann, Stefan-Ludwig
_9991433
245 0 _aSediments of Time: on Possible Histories
260 _bWalter de Gruyter
260 _bWalter de Gruyter
260 _c2018
650 _aHistory
_9991434
700 _a Franzel, Sean
_9991435
856 _uhttp://www.degruyter.com/isbn/9781503605978
942 _cEBOOK
999 _c1561338
_d1561338